LEADER 00911nam0-22003011i-450- 001 990003093210403321 035 $a000309321 035 $aFED01000309321 035 $a(Aleph)000309321FED01 035 $a000309321 100 $a20000920d--------km-y0itay50------ba 101 0 $aita 102 $aIT 200 1 $aHow the Environment Determines the Efficiency of Banks$eA Comparison Between the French and Spanish Banking Industries$fdi Michel Dietsch, Ana Lozano Vivas 225 1 $aQuaderni CEIS$v67 610 0 $aBanche$aFrancia 610 0 $aBanche$aSpagna 676 $aJ/2.11 700 1$aDietsch,$bMichel$0123581 701 1$aLozano Vivas,$bAna$0123582 801 0$aIT$bUNINA$gRICA$2UNIMARC 901 $aBK 912 $a990003093210403321 952 $aPaper$fSES 959 $aSES 996 $aHow the Environment Determines the Efficiency of Banks$9459193 997 $aUNINA DB $aING01 LEADER 00806nam0-2200265 --450 001 9910251759203321 005 20180131085752.0 010 $a88-348-0747-2 100 $a20180130d1991----kmuy0itay5050 ba 101 0 $aita 102 $aIT 105 $aa 001yy 200 1 $a<>piccoli gruppi strutturati$eimpatto sui modelli organizzativi aziendali$fMassimo Franco 210 $aTorino$cGiappichelli$dc1991 215 $a171 p.$cill.$d21 cm 610 0 $aGestione generale$aGestione del personale 676 $a658.3128$v22$zita 700 1$aFranco,$bMassimo$f<1959- >$0749410 801 0$aIT$bUNINA$gREICAT$2UNIMARC 901 $aBK 912 $a9910251759203321 952 $aVI H 864$b1651/2017$fFSPBC 959 $aFSPBC 996 $aPiccoli gruppi strutturati$91508804 997 $aUNINA LEADER 01131nam0 2200289 i 450 001 SUN0004504 005 20151120092243.549 010 $a88-86412-55-X 100 $a20020723d1999 |0itac50 ba 101 $aita 102 $aIT 105 $a|||| ||||| 200 1 $aAmbiente Italia 2000$erapporto sullo stato del paese$fa cura di Duccio Bianchi, Istituzto di Ricerche Ambiente Italia 210 $aMilano$cEdizioni Ambiente$dc1999 215 $aXII, 297 p.$d22 cm. 606 $aAmbiente$xItalia$2SG$3SUNC031309 620 $dMilano$3SUNL000284 676 $a333.720945$v21 702 1$aBianchi$b, Duccio$3SUNV004144 712 02$aIstituto di Ricerche Ambiente Italia$3SUNV004146 712 $aAmbiente$3SUNV000782$4650 801 $aIT$bSOL$c20181109$gRICA 912 $aSUN0004504 950 $aUFFICIO DI BIBLIOTECA DEL DIPARTIMENTO DI GIURISPRUDENZA$d00 CONS IV.Er.104 $e00 19470 995 $aUFFICIO DI BIBLIOTECA DEL DIPARTIMENTO DI GIURISPRUDENZA$h19470$kCONS IV.Er.104$op$qa 996 $aAmbiente Italia 2000$9108713 997 $aUNICAMPANIA LEADER 01543nam 2200373Ia 450 001 996384004403316 005 20200824132618.0 035 $a(CKB)1000000000594368 035 $a(EEBO)2240871140 035 $a(OCoLC)ocm13693022e 035 $a(OCoLC)13693022 035 $a(EXLCZ)991000000000594368 100 $a19860605d1655 uy | 101 0 $aeng 135 $aurbn||||a|bb| 200 14$aThe saints transfiguration, or, The body of vilenesse changed into a body of glory$b[electronic resource] $ea sermon preached at Martins Ludgate, October 19, 1654, at the funerall of that reverend and faithfull minister of Jesus Christ, Dr. Samuel Bolton, late master of Christs College in Cambridg : with a short account of his death /$fby Edmund Calamy ... ; to which are annexed verses upon his death, composed by divers of his friends and acquaintance 210 $aLondon $cPrinted for Joseph Cranford ...$d1655 215 $a[6], 35 p 300 $aReproduction of original in the University of Illinois (Urbana-Champaign Campus). Library. 330 $aeebo-0167 606 $aFuneral sermons 606 $aSermons, English$y17th century 615 0$aFuneral sermons. 615 0$aSermons, English 700 $aCalamy$b Edmund$f1600-1666.$01002065 801 0$bEAA 801 1$bEAA 801 2$bm/c 801 2$bEAA 801 2$bWaOLN 906 $aBOOK 912 $a996384004403316 996 $aThe saints transfiguration, or, The body of vilenesse changed into a body of glory$92354315 997 $aUNISA